=LDR 00000nam 2200000 4500 =001 INLIS000000000042332 =005 20131008015122 =008 ***********************************Ind** =035 ##$$0010-101300000000254 =041 ##$$a Ind =082 ##$$a 028.5 =090 ##$$a 028.5, Ogi k =100 ##$$a Ogino, Hitoshi =245 ##$$a Komik kumon matematika seri 2, Banung geometri, Hitoshi Ogino =260 ##$$a 2011 $b Jakarta =300 ##$$a 248 hlm, ilus, 22 cm =650 ##$$a Bacaan Anak-anak =850 ##$$a NBPNMAT